<?xml version="1.0" encoding="UTF-8"?><?xml-stylesheet type="text/xsl" href="static/style.xsl"?><OAI-PMH xmlns="http://www.openarchives.org/OAI/2.0/" xmlns:xsi="http://www.w3.org/2001/XMLSchema-instance" xsi:schemaLocation="http://www.openarchives.org/OAI/2.0/ http://www.openarchives.org/OAI/2.0/OAI-PMH.xsd"><responseDate>2026-04-17T19:57:12Z</responseDate><request verb="GetRecord" identifier="oai:www.recercat.cat:10230/69144" metadataPrefix="marc">https://recercat.cat/oai/request</request><GetRecord><record><header><identifier>oai:recercat.cat:10230/69144</identifier><datestamp>2025-12-22T13:36:41Z</datestamp><setSpec>com_2072_6</setSpec><setSpec>col_2072_452952</setSpec></header><metadata><record xmlns="http://www.loc.gov/MARC21/slim" xmlns:dcterms="http://purl.org/dc/terms/" xmlns:xsi="http://www.w3.org/2001/XMLSchema-instance" xmlns:doc="http://www.lyncode.com/xoai" xsi:schemaLocation="http://www.loc.gov/MARC21/slim http://www.loc.gov/standards/marcxml/schema/MARC21slim.xsd">
   <leader>00925njm 22002777a 4500</leader>
   <datafield ind2=" " ind1=" " tag="042">
      <subfield code="a">dc</subfield>
   </datafield>
   <datafield ind2=" " ind1=" " tag="720">
      <subfield code="a">Guirao, Fernando, 1962-</subfield>
      <subfield code="e">author</subfield>
   </datafield>
   <datafield ind2=" " ind1=" " tag="260">
      <subfield code="c">2025-01-15T12:23:17Z</subfield>
   </datafield>
   <datafield ind2=" " ind1=" " tag="260">
      <subfield code="c">2025-01-15T12:23:17Z</subfield>
   </datafield>
   <datafield ind2=" " ind1=" " tag="260">
      <subfield code="c">2022</subfield>
   </datafield>
   <datafield ind2=" " ind1=" " tag="520">
      <subfield code="a">Este artículo argumenta que el vector principal que articula el tiempo y la forma en que se llevaron a cabo las negociaciones que concluyeron en el Tratado de Unión Europea de 1992 fue la agresiva política monetaria desplegada por el Bundesbank para hacer frente a las inesperadas circunstancias de la fusión de las dos repúblicas alemanas. Los proyectos de integración monetaria mencionados en las declaraciones de los órganos de dirección de las Comunidades Europeas desde 1969 no conllevaban más implicación práctica que la de redoblar la ayuda a la convergencia macroeconómica o a paliar los efectos de la persistente divergencia. No tenía por qué haber desembocado en una moneda común.
Del mismo modo, tampoco tenían los miembros de la Comunidad que responder a la unificación alemana mediante una Unión Europea. Sucedió así por la evolución del tipo de interés por parte del Bundesbank. Este requería dar respuesta, primero, al impacto inflacionario de las primeras medidas de unificación y, segundo, a la necesidad de atraer volúmenes sin precedentes de ahorro externo para financiar la reconversión de los Länder orientales. El Tratado de Maastricht fue resultado de un urgente ejercicio de soberanía compartida y no de un plan madurado durante veinte años.</subfield>
   </datafield>
   <datafield tag="653" ind2=" " ind1=" ">
      <subfield code="a">Tratado de Maastricht</subfield>
   </datafield>
   <datafield tag="653" ind2=" " ind1=" ">
      <subfield code="a">Unión Europea</subfield>
   </datafield>
   <datafield tag="653" ind2=" " ind1=" ">
      <subfield code="a">Eunificación alemana</subfield>
   </datafield>
   <datafield tag="653" ind2=" " ind1=" ">
      <subfield code="a">Bundesbank</subfield>
   </datafield>
   <datafield tag="653" ind2=" " ind1=" ">
      <subfield code="a">Tipos de interés</subfield>
   </datafield>
   <datafield ind2="0" ind1="0" tag="245">
      <subfield code="a">Deutsche Mark Über Alles: la génesis del Tratado de Maastricht</subfield>
   </datafield>
</record></metadata></record></GetRecord></OAI-PMH>